[Event "Lueneburg op-A"]
[Site "Lueneburg"]
[Date "2015.08.16"]
[Round "2"]
[White "Kneip, Jakob"]
[Black "Fuchs, Judith"]
[Result "1/2-1/2"]
[WhiteElo "2059"]
[BlackElo "2298"]
[PlyCount "48"]
[EventDate "2015.08.15"]
[EventType "swiss"]
[EventRounds "9"]
[EventCountry "GER"]
[SourceTitle "EXT 2016"]
[Source "ChessBase"]
[SourceDate "2015.10.08"]
[SourceVersion "1"]
[SourceVersionDate "2015.10.08"]
[SourceQuality "1"]

1. d4 d6 2. e4 Nf6 3. f3 d5 4. e5 Nfd7 5. Nc3 e6 6. f4 c5 7. Nf3 Nc6 8. Be3 Be7 9. Qd2 0-0 10. dxc5 Nxc5 11. 0-0-0 Qa5 12. Kb1 a6 13. Qf2 Nd7 14. Qg3 Bb4 15. Bd3 f5 16. Ne2 Nc5 17. Ned4 Bd7 18. Qh4 Qd8 19. Qh3 Nxd3 20. Rxd3 Be7 21. Rg1 Qe8 22. g4 fxg4 23. Qxg4 Qf7 24. Qg3 g6 1/2-1/2

[Event "GER-chT Lands U20"]
[Site "Hannover"]
[Date "2014.10.06"]
[Round "6.1"]
[White "Weber, Max"]
[Black "Kneip, Jakob"]
[Result "0-1"]
[WhiteElo "2187"]
[BlackElo "2033"]
[PlyCount "134"]
[EventDate "2014.10.03"]
[EventType "team-swiss"]
[EventRounds "7"]
[EventCountry "GER"]
[SourceTitle "CBM 162 Extra"]
[Source "ChessBase"]
[SourceDate "2014.10.17"]
[SourceVersion "1"]
[SourceVersionDate "2014.10.17"]
[SourceQuality "1"]
[WhiteTeam "Mecklenburg Vorpommern"]
[BlackTeam "Hamburg"]
[WhiteTeamCountry "GER"]
[BlackTeamCountry "GER"]

1. Nf3 Nf6 2. c4 c6 3. Nc3 d5 4. e3 e6 5. b3 Bd6 6. Bb2 0-0 7. Be2 a6 8. d4 Nbd7 9. Qc2 Qe7 10. 0-0 Rd8 11. e4 dxe4 12. Nxe4 Nxe4 13. Qxe4 Nf6 14. Qc2 c5 15. Rad1 cxd4 16. Nxd4 Bd7 17. Bd3 Bb4 18. Nf3 h6 19. Ne5 Be8 20. Qe2 Bd6 21. Bb1 Bxe5 22. Bxe5 Bc6 23. Rd3 Rxd3 24. Qxd3 Rd8 25. Qe2 Nd7 26. Bc3 Qg5 27. f3 Nf6 28. Kh1 Nh5 29. Rd1 Nf4 30. Rxd8+ Qxd8 31. Qd2 Qg5 32. Be5 Nh3 33. Qxg5 Nxg5 34. Kg1 Bxf3 35. h4 Be4 36. hxg5 Bxb1 37. gxh6 gxh6 38. a3 Ba2 39. b4 Bxc4 40. Kf2 Kh7 41. Ke3 Kg6 42. Bg3 Bd5 43. Kf2 Kf5 44. Bh4 Bc6 45. g3 Ke4 46. Bf6 Kd3 47. g4 Kc2 48. Bg7 Kb3 49. Bxh6 Kxa3 50. Bd2 Ka4 51. Ke3 Kb5 52. Kd4 Bf3 53. g5 b6 54. Kc3 a5 55. bxa5 Kxa5 56. Kc4+ Ka4 57. Bc3 Be2+ 58. Kd4 Kb3 59. Ba1 Bf1 60. Ke5 Bd3 61. Kd4 Bf5 62. Ke3 Kc2 63. Kd4 Bd3 64. Ke3 b5 65. Kd4 b4 66. Kc5 b3 67. Kd4 Bg6 0-1

[Event "GER-chT Lands U20"]
[Site "Hannover"]
[Date "2014.10.04"]
[Round "2.1"]
[White "Kneip, Jakob"]
[Black "Ruff, Maximilian"]
[Result "1/2-1/2"]
[WhiteElo "2033"]
[BlackElo "2188"]
[PlyCount "53"]
[EventDate "2014.10.03"]
[EventType "team-swiss"]
[EventRounds "7"]
[EventCountry "GER"]
[SourceTitle "CBM 162 Extra"]
[Source "ChessBase"]
[SourceDate "2014.10.17"]
[SourceVersion "1"]
[SourceVersionDate "2014.10.17"]
[SourceQuality "1"]
[WhiteTeam "Hamburg"]
[BlackTeam "Baden II"]
[WhiteTeamCountry "GER"]
[BlackTeamCountry "GER"]

1. d4 Nf6 2. c4 c5 3. d5 b5 4. cxb5 a6 5. f3 axb5 6. e4 Qa5+ 7. Bd2 b4 8. Na3 d6 9. Nc4 Qd8 10. a3 e6 11. dxe6 Bxe6 12. Ne3 Nc6 13. Bb5 Qb6 14. axb4 Rxa1 15. Bxc6+ Qxc6 16. Qxa1 d5 17. b5 Qb7 18. exd5 Nxd5 19. Nxd5 Bxd5 20. Ne2 Be7 21. 0-0 0-0 22. Nc3 Bc4 23. Re1 Ra8 24. Qb1 Bf6 25. Qe4 Qxe4 26. Rxe4 Bd3 27. Re1 1/2-1/2

[Event "Lueneburg op"]
[Site "Lueneburg"]
[Date "2014.08.17"]
[Round "9"]
[White "Kneip, Jakob"]
[Black "Ramme, Christoph"]
[Result "1/2-1/2"]
[WhiteElo "2034"]
[BlackElo "2139"]
[PlyCount "48"]
[EventDate "2014.08.09"]
[EventType "swiss"]
[EventRounds "9"]
[EventCountry "GER"]
[SourceTitle "CBM 161 Extra"]
[Source "ChessBase"]
[SourceDate "2014.08.29"]
[SourceVersion "1"]
[SourceVersionDate "2014.08.29"]
[SourceQuality "1"]

1. d4 Nf6 2. c4 e6 3. Nc3 Bb4 4. e3 b6 5. Nge2 c5 6. a3 Ba5 7. Rb1 Na6 8. g3 Bb7 9. d5 exd5 10. Bg2 0-0 11. 0-0 Bxc3 12. Nxc3 d6 13. Nxd5 Nxd5 14. Bxd5 Bxd5 15. cxd5 Qd7 16. Qd3 b5 17. b3 Rac8 18. Bb2 f5 19. Rbc1 Nc7 20. f3 Rf7 21. Rf2 Na8 22. Rcf1 Rcf8 23. Bc1 Nb6 24. e4 Qd8 1/2-1/2

[Event "Lueneburg op"]
[Site "Lueneburg"]
[Date "2014.08.16"]
[Round "8"]
[White "Beeck, Mats"]
[Black "Kneip, Jakob"]
[Result "1/2-1/2"]
[WhiteElo "1897"]
[BlackElo "2034"]
[PlyCount "54"]
[EventDate "2014.08.09"]
[EventType "swiss"]
[EventRounds "9"]
[EventCountry "GER"]
[SourceTitle "CBM 161 Extra"]
[Source "ChessBase"]
[SourceDate "2014.08.29"]
[SourceVersion "1"]
[SourceVersionDate "2014.08.29"]
[SourceQuality "1"]

1. e4 e6 2. d4 d5 3. Nc3 Nf6 4. e5 Nfd7 5. f4 c5 6. Nf3 Nc6 7. Be3 a6 8. Qd2 b5 9. dxc5 Bxc5 10. Bd3 Qb6 11. Bf2 b4 12. Na4 Bxf2+ 13. Qxf2 Qxf2+ 14. Kxf2 a5 15. Rac1 Ba6 16. Rhd1 Ke7 17. c4 bxc3 18. Bxa6 Rxa6 19. Rxc3 Na7 20. Rc7 Rc8 21. Rdc1 Kd8 22. Rxc8+ Nxc8 23. Nd4 Ne7 24. b3 Ra8 25. g4 Rc8 26. Rxc8+ Kxc8 27. Ke3 g5 1/2-1/2

[Event "Lueneburg op"]
[Site "Lueneburg"]
[Date "2014.08.15"]
[Round "7"]
[White "Kneip, Jakob"]
[Black "Buecker, Timo"]
[Result "1-0"]
[WhiteElo "2034"]
[BlackElo "1865"]
[PlyCount "59"]
[EventDate "2014.08.09"]
[EventType "swiss"]
[EventRounds "9"]
[EventCountry "GER"]
[SourceTitle "CBM 161 Extra"]
[Source "ChessBase"]
[SourceDate "2014.08.29"]
[SourceVersion "1"]
[SourceVersionDate "2014.08.29"]
[SourceQuality "1"]

1. d4 d5 2. c4 e6 3. Nc3 f5 4. Nf3 Nf6 5. Bf4 c6 6. e3 Bd6 7. Ne5 0-0 8. h3 Bxe5 9. Bxe5 Nbd7 10. Qc2 Nxe5 11. dxe5 Ne4 12. 0-0-0 Qa5 13. f4 Nxc3 14. bxc3 b5 15. cxb5 cxb5 16. Qb3 Ba6 17. g4 Rfc8 18. Kb2 g6 19. h4 Rab8 20. Rd4 Rb7 21. h5 Rc4 22. a3 Qc7 23. hxg6 hxg6 24. gxf5 gxf5 25. Rd2 Qc5 26. Rg2+ Rg7 27. Rxg7+ Kxg7 28. Bxc4 bxc4 29. Qc2 Qb6+ 30. Ka1 1-0

[Event "Hamburg St Pauli op-A"]
[Site "Hamburg"]
[Date "2014.07.24"]
[Round "6"]
[White "Kneip, Jakob"]
[Black "Waldmann, Hans Joachim"]
[Result "0-1"]
[WhiteElo "2010"]
[BlackElo "2322"]
[PlyCount "46"]
[EventDate "2014.07.19"]
[EventType "swiss"]
[EventRounds "9"]
[EventCountry "GER"]
[SourceTitle "CBM 161 Extra"]
[Source "ChessBase"]
[SourceDate "2014.08.29"]
[SourceVersion "1"]
[SourceVersionDate "2014.08.29"]
[SourceQuality "1"]

1. d4 Nf6 2. c4 g6 3. Nc3 Bg7 4. e4 0-0 5. Be3 d6 6. f3 Nc6 7. Nge2 a6 8. Qd2 Rb8 9. Rc1 Re8 10. g4 Bd7 11. Ng3 e5 12. d5 Nd4 13. Be2 c5 14. g5 Nh5 15. Nxh5 gxh5 16. Bd1 Bh3 17. Qf2 f5 18. gxf6 Qxf6 19. Qg3 Bd7 20. 0-0 Kh8 21. f4 Bh6 22. fxe5 Bxe3+ 23. Qxe3 Rg8+ 0-1

[Event "Hamburg-ch MA"]
[Site "Hamburg"]
[Date "2013.05.21"]
[Round "4"]
[White "Kneip, Jakob"]
[Black "Kohtz, Andreas"]
[Result "1/2-1/2"]
[WhiteElo "1939"]
[BlackElo "2065"]
[PlyCount "30"]
[EventDate "2013.05.18"]
[EventType "swiss"]
[EventRounds "9"]
[EventCountry "GER"]
[SourceTitle "EXT 2022"]
[Source "ChessBase"]
[SourceDate "2021.10.06"]
[SourceVersion "1"]
[SourceVersionDate "2021.10.06"]
[SourceQuality "1"]

1. d4 Nf6 2. c4 g6 3. Nc3 Bg7 4. e4 d6 5. f3 0-0 6. Be3 e5 7. Nge2 exd4 8. Nxd4 Re8 9. Qd2 Nc6 10. Nc2 Be6 11. Be2 Ne5 12. b3 a6 13. 0-0 Qe7 14. Rac1 Rad8 15. Rfd1 Bc8 1/2-1/2

[Event "Hamburg-ch MA"]
[Site "Hamburg"]
[Date "2013.05.19"]
[Round "2"]
[White "Bildat, Juergen"]
[Black "Kneip, Jakob"]
[Result "1/2-1/2"]
[WhiteElo "2108"]
[BlackElo "1939"]
[PlyCount "51"]
[EventDate "2013.05.18"]
[EventType "swiss"]
[EventRounds "9"]
[EventCountry "GER"]
[SourceTitle "EXT 2022"]
[Source "ChessBase"]
[SourceDate "2021.10.06"]
[SourceVersion "1"]
[SourceVersionDate "2021.10.06"]
[SourceQuality "1"]

1. e4 e6 2. d4 d5 3. Nc3 Bb4 4. e5 c5 5. a3 Bxc3+ 6. bxc3 Ne7 7. Qg4 cxd4 8. cxd4 Qc7 9. Ra2 Nbc6 10. Bd3 Bd7 11. Ne2 Ng6 12. h4 0-0-0 13. h5 Nge7 14. Bd2 Rdg8 15. 0-0 f5 16. Qh4 h6 17. Bb4 g5 18. hxg6 Nxg6 19. Qh3 Qd8 20. c3 Nh4 21. g3 h5 22. Kh1 Nf3 23. Kg2 Nh4+ 24. Kh1 Nf3 25. Kg2 Nh4+ 26. Kh1 1/2-1/2

[Event "Norderstedt op"]
[Site "Norderstedt"]
[Date "2013.03.28"]
[Round "1"]
[White "Wulf, Doris"]
[Black "Kneip, Jakob"]
[Result "0-1"]
[WhiteElo "1162"]
[BlackElo "1950"]
[PlyCount "120"]
[EventDate "2013.03.28"]
[EventType "swiss"]
[EventRounds "9"]
[EventCountry "GER"]
[SourceTitle "EXT 2015"]
[Source "ChessBase"]
[SourceDate "2014.11.20"]
[SourceVersion "1"]
[SourceVersionDate "2014.11.20"]
[SourceQuality "1"]

1. c4 c6 2. Nf3 d5 3. b3 Nf6 4. Bb2 e6 5. g3 Nbd7 6. Bg2 Bd6 7. 0-0 0-0 8. d3 Re8 9. Nbd2 Nf8 10. e4 dxe4 11. dxe4 e5 12. Qc2 c5 13. Nh4 Qc7 14. Nf5 Ng6 15. Nxd6 Qxd6 16. Rad1 Qc7 17. Nb1 Bg4 18. f3 Be6 19. Nc3 a6 20. Nd5 Nxd5 21. exd5 Bd7 22. Rfe1 Qd6 23. a3 f6 24. Bc3 Ne7 25. b4 Bf5 26. Qb2 Red8 27. Bf1 Rac8 28. b5 Rb8 29. b6 Nc8 30. Ba5 Qd7 31. Qb3 Nd6 32. Bd2 Rbc8 33. Be3 Bg6 34. Bf2 Be8 35. Rb1 Qa4 36. Qc3 Bg6 37. Rb2 Bf5 38. g4 Bg6 39. h4 h5 40. g5 Bf5 41. gxf6 gxf6 42. Bd3 Kf7 43. Be2 Rg8+ 44. Kh2 Qd7 45. Rg1 Rxg1 46. Bxg1 Qa4 47. Ra2 Bb1 48. Rb2 Bg6 49. Ra2 Nf5 50. Bf2 Nd4 51. Bxd4 cxd4 52. c5 d3 53. Bxd3 Qxh4+ 54. Kg2 Bxd3 55. Qxd3 Rg8+ 56. Kf1 Qh1+ 57. Ke2 Rg2+ 58. Ke3 Qg1+ 59. Ke4 Qe1+ 60. Kf5 Rg5# 0-1